[Event "ODJM A 2025"]
[Site "Willingen GER"]
[Date "2025.06.12"]
[Round "7"]
[White "Beduschi, Ben"]
[Black "Uhlmann, Jonas"]
[Result "1/2-1/2"]
[Termination "normal"]
[Board "19"]
[WhiteElo "2017"]
[BlackElo "1876"]
[WhiteClock "00:00:32"]
[BlackClock "00:57:58"]
[PlyCount "67"]
[WhiteFideId "16273443"]
[BlackFideId "16258576"]
[EventCountry "GER"]
[EventRounds "9"]
[EventType "swiss"]
[EventDate "2025.06.07"]

1. d4 {[%clk 01:30:38]} {[%emt 00:00:21]} d5 {[%clk 01:30:55]} {[%emt
00:00:04]} 2. Nf3 {[%clk 01:31:02]} {[%emt 00:00:06]} Nf6 {[%clk 01:31:11]}
{[%emt 00:00:13]} 3. c3 {[%clk 01:31:25]} {[%emt 00:00:09]} e6 {[%clk
01:31:32]} {[%emt 00:00:09]} 4. Bf4 {[%clk 01:31:47]} {[%emt 00:00:08]} c5
{[%clk 01:31:54]} {[%emt 00:00:08]} 5. e3 {[%clk 01:32:11]} {[%emt 00:00:06]}
Nc6 {[%clk 01:32:14]} {[%emt 00:00:10]} 6. Nbd2 {[%clk 01:32:34]} {[%emt
00:00:07]} cxd4 {[%clk 01:31:34]} {[%emt 00:01:11]} 7. exd4 {[%clk 01:32:54]}
{[%emt 00:00:09]} Nh5 {[%clk 01:31:30]} {[%emt 00:00:33]} 8. Be3 {[%clk
01:33:00]} {[%emt 00:00:24]} Bd6 {[%clk 01:31:42]} {[%emt 00:00:19]} 9. Ne5
{[%clk 01:29:00]} {[%emt 00:04:30]} g6 {[%clk 01:31:40]} {[%emt 00:00:31]} 10.
Ndf3 {[%clk 01:24:17]} {[%emt 00:05:14]} f6 {[%clk 01:28:36]} {[%emt 00:03:34]}
11. Nd3 {[%clk 01:15:42]} {[%emt 00:09:04]} O-O {[%clk 01:27:39]} {[%emt
00:01:29]} 12. Be2 {[%clk 01:12:15]} {[%emt 00:03:56]} b6 {[%clk 01:22:37]}
{[%emt 00:05:32]} 13. O-O {[%clk 00:52:12]} {[%emt 00:20:33]} e5 {[%clk
01:21:16]} {[%emt 00:01:51]} 14. dxe5 {[%clk 00:36:55]} {[%emt 00:15:47]} fxe5
{[%clk 01:21:35]} {[%emt 00:00:12]} 15. Nf4 {[%clk 00:36:08]} {[%emt 00:01:17]}
exf4 {[%clk 01:20:40]} {[%emt 00:01:26]} 16. Qxd5+ {[%clk 00:34:00]} {[%emt
00:02:37]} Kh8 {[%clk 01:19:42]} {[%emt 00:01:28]} 17. Qxc6 {[%clk 00:33:20]}
{[%emt 00:01:09]} fxe3 {[%clk 01:17:52]} {[%emt 00:02:21]} 18. Qxa8 {[%clk
00:32:05]} {[%emt 00:01:45]} Nf4 {[%clk 01:17:49]} {[%emt 00:00:33]} 19. fxe3
{[%clk 00:12:24]} {[%emt 00:20:10]} Nxe2+ {[%clk 01:17:59]} {[%emt 00:00:21]}
20. Kh1 {[%clk 00:12:53]} Qe7 {[%clk 01:16:34]} {[%emt 00:01:55]} 21. Qd5
{[%clk 00:09:59]} {[%emt 00:03:24]} Bb7 {[%clk 01:11:59]} {[%emt 00:05:06]} 22.
Qd3 {[%clk 00:08:43]} {[%emt 00:01:44]} Bxh2 {[%clk 01:04:55]} {[%emt
00:07:36]} 23. Qxe2 {[%clk 00:07:48]} {[%emt 00:01:25]} Bb8 {[%clk 01:04:50]}
{[%emt 00:00:35]} 24. Qc4 {[%clk 00:02:48]} {[%emt 00:05:30]} Rf5 {[%clk
01:04:24]} {[%emt 00:00:55]} 25. Qd4+ {[%clk 00:02:34]} {[%emt 00:00:44]} Kg8
{[%clk 01:04:16]} {[%emt 00:00:38]} 26. Rad1 {[%clk 00:01:54]} {[%emt
00:01:10]} Bc7 {[%clk 01:02:30]} {[%emt 00:02:15]} 27. Kg1 {[%clk 00:00:48]}
{[%emt 00:01:37]} Rd5 {[%clk 01:00:37]} {[%emt 00:02:24]} 28. Qc4 {[%clk
00:00:33]} {[%emt 00:00:44]} Qxe3+ {[%clk 01:00:39]} {[%emt 00:00:28]} 29. Kh1
{[%clk 00:00:47]} {[%emt 00:00:16]} Qh6+ {[%clk 00:57:32]} {[%emt 00:03:37]}
30. Kg1 {[%clk 00:00:58]} {[%emt 00:00:18]} Qe3+ {[%clk 00:57:34]} {[%emt
00:00:29]} 31. Kh1 {[%clk 00:01:22]} {[%emt 00:00:06]} Qh6+ {[%clk 00:57:56]}
{[%emt 00:00:08]} 32. Kg1 {[%clk 00:00:51]} {[%emt 00:01:01]} Qe3+ {[%clk
00:58:06]} {[%emt 00:00:20]} 33. Kh1 {[%clk 00:00:32]} {[%emt 00:00:49]} Qh6+
{[%clk 00:57:58]} {[%emt 00:00:36]} 34. Kg1 {[%clk 00:00:32]} {[%emt 00:00:31]}
1/2-1/2

[Event "ODJM A 2025"]
[Site "Willingen GER"]
[Date "2025.06.12"]
[Round "7"]
[White "Hierl, Andreas"]
[Black "Astner, Sebastian"]
[Result "0-1"]
[Termination "normal"]
[Board "20"]
[WhiteElo "1767"]
[BlackElo "1930"]
[WhiteClock "00:05:25"]
[BlackClock "00:09:22"]
[PlyCount "98"]
[WhiteFideId "34660496"]
[BlackFideId "12979422"]
[EventCountry "GER"]
[EventRounds "9"]
[EventType "swiss"]
[EventDate "2025.06.07"]

1. e4 {[%clk 01:30:58]} {[%emt 00:00:02]} e5 {[%clk 01:30:55]} {[%emt
00:00:06]} 2. Bc4 {[%clk 01:31:23]} {[%emt 00:00:04]} Nc6 {[%clk 01:30:26]}
{[%emt 00:00:59]} 3. Nf3 {[%clk 01:31:45]} {[%emt 00:00:07]} Bc5 {[%clk
01:30:52]} {[%emt 00:00:05]} 4. c3 {[%clk 01:32:08]} {[%emt 00:00:07]} Nf6
{[%clk 01:31:16]} {[%emt 00:00:07]} 5. d4 {[%clk 01:32:24]} {[%emt 00:00:13]}
exd4 {[%clk 01:31:43]} {[%emt 00:00:03]} 6. O-O {[%clk 01:32:48]} {[%emt
00:00:07]} Nxe4 {[%clk 01:32:05]} {[%emt 00:00:07]} 7. cxd4 {[%clk 01:33:06]}
{[%emt 00:00:12]} d5 {[%clk 01:32:30]} {[%emt 00:00:05]} 8. dxc5 {[%clk
01:33:24]} {[%emt 00:00:12]} dxc4 {[%clk 01:32:55]} {[%emt 00:00:05]} 9. Qe2
{[%clk 01:33:45]} {[%emt 00:00:08]} Qe7 {[%clk 01:33:20]} {[%emt 00:00:06]} 10.
Re1 {[%clk 01:31:33]} {[%emt 00:02:41]} Nxc5 {[%clk 01:33:44]} {[%emt
00:00:07]} 11. Qxc4 {[%clk 01:31:30]} {[%emt 00:00:32]} Be6 {[%clk 01:34:12]}
{[%emt 00:00:03]} 12. Qe2 {[%clk 01:30:06]} {[%emt 00:01:52]} O-O-O {[%clk
01:32:15]} {[%emt 00:02:30]} 13. Nc3 {[%clk 01:28:23]} {[%emt 00:02:11]} Rhe8
{[%clk 01:28:34]} {[%emt 00:04:12]} 14. Be3 {[%clk 01:17:38]} {[%emt 00:11:16]}
a6 {[%clk 01:15:29]} {[%emt 00:13:35]} 15. Rad1 {[%clk 01:10:35]} {[%emt
00:07:32]} Nd7 {[%clk 00:37:50]} {[%emt 00:38:09]} 16. Nd4 {[%clk 00:44:39]}
{[%emt 00:26:26]} Nxd4 {[%clk 00:28:27]} {[%emt 00:09:54]} 17. Bxd4 {[%clk
00:45:00]} {[%emt 00:00:08]} Qg5 {[%clk 00:28:31]} {[%emt 00:00:26]} 18. Ne4
{[%clk 00:32:23]} {[%emt 00:13:06]} Qg6 {[%clk 00:24:40]} {[%emt 00:04:22]} 19.
Rc1 {[%clk 00:31:08]} {[%emt 00:01:46]} Bd5 {[%clk 00:22:27]} {[%emt 00:02:42]}
20. f3 {[%clk 00:29:40]} {[%emt 00:01:57]} Bxe4 {[%clk 00:19:16]} {[%emt
00:03:43]} 21. fxe4 {[%clk 00:29:56]} {[%emt 00:00:13]} Ne5 {[%clk 00:18:37]}
{[%emt 00:01:09]} 22. Qc2 {[%clk 00:18:12]} {[%emt 00:12:13]} c6 {[%clk
00:18:16]} {[%emt 00:00:52]} 23. Bxe5 {[%clk 00:17:48]} {[%emt 00:00:54]} Rxe5
{[%clk 00:18:39]} {[%emt 00:00:07]} 24. Re2 {[%clk 00:18:00]} {[%emt 00:00:18]}
Rd4 {[%clk 00:17:09]} {[%emt 00:02:00]} 25. Rce1 {[%clk 00:17:31]} {[%emt
00:00:59]} Qd6 {[%clk 00:16:43]} {[%emt 00:00:56]} 26. Qb3 {[%clk 00:16:10]}
{[%emt 00:01:50]} Qc5 {[%clk 00:16:35]} {[%emt 00:00:38]} 27. Kh1 {[%clk
00:16:12]} {[%emt 00:00:29]} Rdxe4 {[%clk 00:16:15]} {[%emt 00:00:50]} 28. Rxe4
{[%clk 00:14:12]} {[%emt 00:02:30]} Rxe4 {[%clk 00:16:29]} {[%emt 00:00:15]}
29. Qh3+ {[%clk 00:14:34]} {[%emt 00:00:08]} f5 {[%clk 00:13:06]} {[%emt
00:03:54]} 30. Rd1 {[%clk 00:12:29]} {[%emt 00:02:34]} Qe5 {[%clk 00:12:43]}
{[%emt 00:00:54]} 31. Rf1 {[%clk 00:09:02]} {[%emt 00:03:56]} Re1 {[%clk
00:10:47]} {[%emt 00:02:27]} 32. Qf3 {[%clk 00:09:25]} {[%emt 00:00:07]} Rxf1+
{[%clk 00:09:40]} {[%emt 00:01:37]} 33. Qxf1 {[%clk 00:09:48]} {[%emt
00:00:07]} g6 {[%clk 00:10:08]} {[%emt 00:00:02]} 34. Qc1 {[%clk 00:10:01]}
{[%emt 00:00:16]} Kc7 {[%clk 00:09:48]} {[%emt 00:00:51]} 35. h3 {[%clk
00:10:10]} {[%emt 00:00:22]} f4 {[%clk 00:08:59]} {[%emt 00:01:18]} 36. Qc4
{[%clk 00:08:43]} {[%emt 00:01:57]} Qf6 {[%clk 00:09:22]} {[%emt 00:00:06]} 37.
b4 {[%clk 00:07:40]} {[%emt 00:01:34]} f3 {[%clk 00:08:47]} {[%emt 00:01:05]}
38. gxf3 {[%clk 00:08:04]} {[%emt 00:00:05]} Qxf3+ {[%clk 00:09:17]} 39. Kh2
{[%clk 00:07:58]} {[%emt 00:00:36]} Qf2+ {[%clk 00:09:40]} {[%emt 00:00:06]}
40. Kh1 {[%clk 00:08:20]} {[%emt 00:00:09]} Qe1+ {[%clk 00:09:34]} {[%emt
00:00:36]} 41. Kh2 {[%clk 00:08:29]} {[%emt 00:00:21]} Qd2+ {[%clk 00:09:48]}
{[%emt 00:00:16]} 42. Kg1 {[%clk 00:08:34]} {[%emt 00:00:24]} Qe3+ {[%clk
00:10:07]} {[%emt 00:00:12]} 43. Kh2 {[%clk 00:08:31]} {[%emt 00:00:33]} Qe5+
{[%clk 00:10:35]} {[%emt 00:00:02]} 44. Kg1 {[%clk 00:08:43]} {[%emt 00:00:19]}
Qg3+ {[%clk 00:11:02]} {[%emt 00:00:02]} 45. Kf1 {[%clk 00:08:28]} {[%emt
00:00:45]} Qxh3+ {[%clk 00:11:29]} {[%emt 00:00:03]} 46. Ke1 {[%clk 00:07:39]}
{[%emt 00:01:18]} Qh1+ {[%clk 00:10:25]} {[%emt 00:01:35]} 47. Ke2 {[%clk
00:07:23]} {[%emt 00:00:46]} Qd5 {[%clk 00:10:20]} {[%emt 00:00:35]} 48. Qf4+
{[%clk 00:07:00]} {[%emt 00:00:53]} Kd7 {[%clk 00:09:00]} {[%emt 00:01:49]} 49.
Qg4+ {[%clk 00:05:25]} {[%emt 00:02:05]} Qe6+ {[%clk 00:09:22]} {[%emt
00:00:09]} 0-1

[Event "ODJM A 2025"]
[Site "Willingen GER"]
[Date "2025.06.12"]
[Round "7"]
[White "Groessing, Daniel-Yosuke"]
[Black "Kraus, Linus"]
[Result "1/2-1/2"]
[Termination "normal"]
[Board "21"]
[WhiteElo "1974"]
[BlackElo "1886"]
[WhiteClock "01:30:56"]
[PlyCount "64"]
[WhiteFideId "1682237"]
[BlackFideId "34629629"]
[EventCountry "GER"]
[EventRounds "9"]
[EventType "swiss"]
[EventDate "2025.06.07"]

1. d4 d5 2. c4 e6 3. Nf3 Nf6 4. Nc3 Be7 5. Bf4 O-O 6. e3 Nbd7 7. c5 c6 8. b4
Ne4 9. Nxe4 dxe4 10. Nd2 f5 11. Qb3 Nf6 12. Bc4 Nd5 13. Be5 a5 14. b5 a4 15.
Qb2 cxb5 16. Bxd5 Qxd5 17. Qxb5 Bd7 18. Qc4 Bc6 19. Qxd5 Bxd5 20. a3 Rfc8 21.
Rb1 Ra6 22. Ke2 Kf7 23. Rb2 Bf6 24. Bxf6 Kxf6 25. f3 exf3+ 26. gxf3 e5 27. e4
Bb3 28. Nxb3 axb3 29. dxe5+ Kxe5 30. Rxb3 Rxc5 31. exf5 Kxf5 32. Rd1 Re6+
1/2-1/2

[Event "ODJM A 2025"]
[Site "Willingen GER"]
[Date "2025.06.12"]
[Round "7"]
[White "Matthes, Benjamin"]
[Black "Andresen, Eric"]
[Result "0-1"]
[Termination "normal"]
[Board "23"]
[WhiteElo "1981"]
[BlackElo "1889"]
[WhiteClock "00:01:12"]
[BlackClock "00:02:04"]
[PlyCount "80"]
[WhiteFideId "16227298"]
[BlackFideId "34641360"]
[EventCountry "GER"]
[EventRounds "9"]
[EventType "swiss"]
[EventDate "2025.06.07"]

1. e4 {[%clk 01:30:53]} {[%emt 00:00:06]} e5 {[%clk 01:30:50]} {[%emt
00:00:11]} 2. Nf3 {[%clk 01:31:16]} {[%emt 00:00:07]} Nc6 {[%clk 01:31:16]}
{[%emt 00:00:04]} 3. Bc4 {[%clk 01:31:40]} {[%emt 00:00:06]} Nf6 {[%clk
01:31:40]} {[%emt 00:00:06]} 4. d4 {[%clk 01:31:56]} {[%emt 00:00:13]} exd4
{[%clk 01:32:03]} {[%emt 00:00:08]} 5. e5 {[%clk 01:32:19]} {[%emt 00:00:07]}
Ne4 {[%clk 01:32:29]} {[%emt 00:00:03]} 6. O-O {[%clk 01:32:41]} {[%emt
00:00:08]} Be7 {[%clk 01:32:55]} {[%emt 00:00:05]} 7. Re1 {[%clk 01:33:06]}
{[%emt 00:00:05]} d5 {[%clk 01:32:48]} {[%emt 00:00:37]} 8. exd6 {[%clk
01:32:40]} {[%emt 00:00:56]} Nxd6 {[%clk 01:30:15]} {[%emt 00:03:03]} 9. Bd5
{[%clk 01:32:54]} {[%emt 00:00:15]} O-O {[%clk 01:30:15]} {[%emt 00:00:30]} 10.
Bxc6 {[%clk 01:27:36]} {[%emt 00:05:49]} bxc6 {[%clk 01:30:43]} {[%emt
00:00:02]} 11. Nxd4 {[%clk 01:27:06]} {[%emt 00:01:00]} Bd7 {[%clk 01:31:07]}
{[%emt 00:00:06]} 12. Qf3 {[%clk 01:13:35]} {[%emt 00:14:00]} Bf6 {[%clk
01:13:13]} {[%emt 00:18:25]} 13. Nxc6 {[%clk 00:58:13]} {[%emt 00:15:52]} Re8
{[%clk 01:11:06]} {[%emt 00:02:37]} 14. Rd1 {[%clk 00:55:58]} {[%emt 00:02:44]}
Qc8 {[%clk 01:10:05]} {[%emt 00:01:32]} 15. h3 {[%clk 00:52:07]} {[%emt
00:04:20]} Qb7 {[%clk 00:32:36]} {[%emt 00:37:59]} 16. Nd4 {[%clk 00:36:21]}
{[%emt 00:16:16]} Re4 {[%clk 00:22:39]} {[%emt 00:10:28]} 17. Be3 {[%clk
00:09:40]} {[%emt 00:27:11]} Qxb2 {[%clk 00:14:44]} {[%emt 00:08:24]} 18. Nd2
{[%clk 00:09:42]} {[%emt 00:00:28]} Ree8 {[%clk 00:14:58]} {[%emt 00:00:16]}
19. Rab1 {[%clk 00:06:00]} {[%emt 00:04:12]} Qc3 {[%clk 00:09:01]} {[%emt
00:06:27]} 20. N2b3 {[%clk 00:05:41]} {[%emt 00:00:50]} a5 {[%clk 00:05:20]}
{[%emt 00:04:11]} 21. Rbc1 {[%clk 00:01:27]} {[%emt 00:04:44]} a4 {[%clk
00:05:15]} {[%emt 00:00:35]} 22. Ne2 {[%clk 00:01:27]} {[%emt 00:00:28]} Qc6
{[%clk 00:04:56]} {[%emt 00:00:49]} 23. Qxc6 {[%clk 00:01:09]} {[%emt
00:00:49]} Bxc6 {[%clk 00:05:25]} 24. Nbd4 {[%clk 00:01:08]} {[%emt 00:00:31]}
Be4 {[%clk 00:04:55]} {[%emt 00:01:00]} 25. Nc3 {[%clk 00:01:15]} {[%emt
00:00:24]} Nc4 {[%clk 00:03:10]} {[%emt 00:02:15]} 26. Nxe4 {[%clk 00:00:44]}
{[%emt 00:01:00]} Rxe4 {[%clk 00:03:39]} {[%emt 00:00:02]} 27. Nb5 {[%clk
00:00:35]} {[%emt 00:00:39]} Nxe3 {[%clk 00:02:25]} 28. fxe3 {[%clk 00:01:04]}
c6 {[%clk 00:01:57]} {[%emt 00:00:58]} 29. Nd4 {[%clk 00:00:35]} {[%emt
00:00:58]} c5 {[%clk 00:01:17]} {[%emt 00:01:10]} 30. Nf3 {[%clk 00:01:04]}
{[%emt 00:00:01]} Rxe3 {[%clk 00:01:28]} {[%emt 00:00:19]} 31. Rd7 {[%clk
00:01:13]} {[%emt 00:00:21]} Ra3 {[%clk 00:01:15]} {[%emt 00:00:43]} 32. Rcd1
{[%clk 00:00:34]} {[%emt 00:01:10]} Rxa2 {[%clk 00:01:01]} {[%emt 00:00:44]}
33. Ne5 {[%clk 00:00:45]} {[%emt 00:00:18]} Rf8 {[%clk 00:00:49]} {[%emt
00:00:42]} 34. Ng4 {[%clk 00:00:36]} {[%emt 00:00:39]} Bd4+ {[%clk 00:01:03]}
{[%emt 00:00:17]} 35. Kh2 {[%clk 00:00:32]} {[%emt 00:00:33]} h5 {[%clk
00:01:19]} {[%emt 00:00:14]} 36. Rd3 {[%clk 00:00:31]} {[%emt 00:00:32]} hxg4
{[%clk 00:01:34]} {[%emt 00:00:14]} 37. hxg4 {[%clk 00:00:50]} {[%emt
00:00:11]} Rxc2 {[%clk 00:01:33]} {[%emt 00:00:31]} 38. Ra7 {[%clk 00:01:17]}
{[%emt 00:00:03]} Rc3 {[%clk 00:01:30]} {[%emt 00:00:33]} 39. Rxc3 {[%clk
00:00:50]} {[%emt 00:00:57]} Bxc3 {[%clk 00:01:59]} {[%emt 00:00:02]} 40. Rxa4
{[%clk 00:01:12]} {[%emt 00:00:07]} Bd4 {[%clk 00:02:04]} {[%emt 00:00:24]} 0-1

[Event "ODJM A 2025"]
[Site "Willingen GER"]
[Date "2025.06.12"]
[Round "7"]
[White "Tulchynsky, Mark"]
[Black "Heimann, Alexander"]
[Result "1/2-1/2"]
[Termination "normal"]
[Board "24"]
[WhiteElo "1810"]
[BlackElo "1930"]
[WhiteClock "01:28:21"]
[BlackClock "01:10:27"]
[PlyCount "42"]
[WhiteFideId "34617698"]
[BlackFideId "16215346"]
[EventCountry "GER"]
[EventRounds "9"]
[EventType "swiss"]
[EventDate "2025.06.07"]

1. e4 {[%clk 01:30:58]} {[%emt 00:00:01]} c5 {[%clk 01:30:46]} {[%emt
00:00:15]} 2. Nf3 {[%clk 01:31:21]} {[%emt 00:00:06]} e6 {[%clk 01:30:44]}
{[%emt 00:00:32]} 3. g3 {[%clk 01:31:34]} {[%emt 00:00:18]} Nc6 {[%clk
01:29:59]} {[%emt 00:01:15]} 4. Bg2 {[%clk 01:31:54]} {[%emt 00:00:10]} Nge7
{[%clk 01:24:46]} {[%emt 00:05:42]} 5. d4 {[%clk 01:31:36]} {[%emt 00:00:49]}
cxd4 {[%clk 01:24:23]} {[%emt 00:00:53]} 6. Nxd4 {[%clk 01:31:59]} {[%emt
00:00:05]} Nxd4 {[%clk 01:24:09]} {[%emt 00:00:46]} 7. Qxd4 {[%clk 01:32:17]}
{[%emt 00:00:12]} Nc6 {[%clk 01:24:14]} {[%emt 00:00:25]} 8. Qd3 {[%clk
01:28:58]} {[%emt 00:03:48]} Qc7 {[%clk 01:21:30]} {[%emt 00:03:14]} 9. c3
{[%clk 01:28:11]} {[%emt 00:01:17]} Ne5 {[%clk 01:16:31]} {[%emt 00:05:29]} 10.
Qe2 {[%clk 01:28:21]} {[%emt 00:00:20]} Qc4 {[%emt 00:06:34]} 11. f4 Qxe2+ 12.
Kxe2 Nc6 13. Be3 b6 14. Nd2 Ba6+ 15. Kf2 Rc8 16. Rac1 Na5 17. Rhd1 f6 18. Bf1
Bxf1 19. Kxf1 g6 20. Ke2 Be7 21. b3 Kf7 {[%clk 01:10:27]} 1/2-1/2

[Event "ODJM A 2025"]
[Site "Willingen GER"]
[Date "2025.06.12"]
[Round "7"]
[White "Nguyen, Phuc Nhat"]
[Black "Fellberg, Justus"]
[Result "1-0"]
[Termination "normal"]
[Board "25"]
[WhiteElo "1974"]
[BlackElo "1812"]
[WhiteClock "00:13:50"]
[BlackClock "00:41:25"]
[PlyCount "53"]
[WhiteFideId "16253590"]
[BlackFideId "34608990"]
[EventCountry "GER"]
[EventRounds "9"]
[EventType "swiss"]
[EventDate "2025.06.07"]

1. e4 {[%clk 01:30:29]} {[%emt 00:00:30]} d5 {[%clk 01:30:58]} {[%emt
00:00:03]} 2. exd5 {[%clk 01:30:32]} {[%emt 00:00:27]} Nf6 {[%clk 01:31:00]}
{[%emt 00:00:28]} 3. d4 {[%clk 01:30:54]} {[%emt 00:00:08]} Nxd5 {[%clk
01:31:25]} {[%emt 00:00:05]} 4. c4 {[%clk 01:31:16]} {[%emt 00:00:09]} Nb6
{[%clk 01:31:49]} {[%emt 00:00:06]} 5. Nf3 {[%clk 01:31:37]} {[%emt 00:00:08]}
g6 {[%clk 01:32:14]} {[%emt 00:00:06]} 6. c5 {[%clk 01:32:04]} {[%emt
00:00:03]} Nd5 {[%clk 01:32:34]} {[%emt 00:00:09]} 7. Bc4 {[%clk 01:32:26]}
{[%emt 00:00:07]} c6 {[%clk 01:29:17]} {[%emt 00:03:48]} 8. Qb3 {[%clk
01:31:18]} {[%emt 00:01:38]} Bg7 {[%clk 01:28:30]} {[%emt 00:01:17]} 9. Nc3
{[%clk 01:31:02]} {[%emt 00:00:47]} O-O {[%clk 01:28:51]} {[%emt 00:00:09]} 10.
O-O {[%clk 01:31:15]} {[%emt 00:00:16]} Nxc3 {[%clk 01:28:12]} {[%emt
00:01:10]} 11. bxc3 {[%clk 01:31:43]} {[%emt 00:00:02]} e6 {[%clk 01:22:39]}
{[%emt 00:06:03]} 12. Bf4 {[%clk 01:23:32]} {[%emt 00:08:40]} Re8 {[%clk
01:18:34]} {[%emt 00:04:36]} 13. Rfe1 {[%clk 01:23:31]} {[%emt 00:00:30]} Nd7
{[%clk 01:18:49]} {[%emt 00:00:16]} 14. a4 {[%clk 00:36:31]} {[%emt 00:47:29]}
Nf6 {[%clk 01:12:29]} {[%emt 00:06:50]} 15. a5 {[%clk 00:34:39]} {[%emt
00:02:23]} a6 {[%clk 01:12:10]} {[%emt 00:00:49]} 16. Be5 {[%clk 00:32:56]}
{[%emt 00:02:12]} Nh5 {[%clk 01:08:56]} {[%emt 00:03:45]} 17. Qb6 {[%clk
00:31:12]} {[%emt 00:02:13]} Qxb6 {[%clk 01:00:17]} {[%emt 00:09:09]} 18. axb6
{[%clk 00:29:15]} {[%emt 00:02:28]} f6 {[%clk 01:00:12]} {[%emt 00:00:34]} 19.
Bc7 {[%clk 00:29:31]} {[%emt 00:00:13]} Bf8 {[%clk 00:57:52]} {[%emt 00:02:51]}
20. Nd2 {[%clk 00:27:23]} {[%emt 00:02:38]} f5 {[%clk 00:52:36]} {[%emt
00:05:46]} 21. Nb3 {[%clk 00:26:02]} {[%emt 00:01:51]} Nf6 {[%clk 00:52:15]}
{[%emt 00:00:51]} 22. f3 {[%clk 00:25:40]} {[%emt 00:00:52]} Kf7 {[%clk
00:51:50]} {[%emt 00:00:54]} 23. Na5 {[%clk 00:24:06]} {[%emt 00:02:04]} Re7
{[%clk 00:42:14]} {[%emt 00:10:07]} 24. Bd6 {[%clk 00:23:38]} {[%emt 00:00:58]}
Re8 {[%clk 00:42:29]} {[%emt 00:00:16]} 25. Bc7 {[%clk 00:24:06]} Re7 {[%clk
00:42:30]} {[%emt 00:00:28]} 26. Rab1 {[%clk 00:14:29]} {[%emt 00:10:07]} Ne8
{[%clk 00:41:25]} {[%emt 00:01:36]} 27. Bd8 {[%clk 00:13:50]} {[%emt 00:01:09]}
1-0

[Event "ODJM A 2025"]
[Site "Willingen GER"]
[Date "2025.06.12"]
[Round "7"]
[White "Mehner, Lorenz"]
[Black "Andresen, Marc"]
[Result "1-0"]
[Termination "normal"]
[Board "26"]
[WhiteElo "2001"]
[BlackElo "1857"]
[WhiteClock "00:01:29"]
[BlackClock "00:35:43"]
[PlyCount "49"]
[WhiteFideId "16293096"]
[BlackFideId "16233719"]
[EventCountry "GER"]
[EventRounds "9"]
[EventType "swiss"]
[EventDate "2025.06.07"]

1. d4 {[%clk 01:30:57]} {[%emt 00:00:03]} d5 {[%clk 01:30:56]} {[%emt
00:00:05]} 2. c4 {[%clk 01:31:20]} {[%emt 00:00:06]} e6 {[%clk 01:31:20]}
{[%emt 00:00:06]} 3. Nc3 {[%clk 01:31:44]} {[%emt 00:00:05]} Nf6 {[%clk
01:31:46]} {[%emt 00:00:04]} 4. cxd5 {[%clk 01:32:07]} {[%emt 00:00:08]} exd5
{[%clk 01:32:13]} {[%emt 00:00:03]} 5. Bg5 {[%clk 01:32:29]} {[%emt 00:00:08]}
c6 {[%clk 01:32:39]} {[%emt 00:00:05]} 6. e3 {[%clk 01:32:47]} {[%emt
00:00:11]} h6 {[%clk 01:33:04]} {[%emt 00:00:05]} 7. Bh4 {[%clk 01:32:49]}
{[%emt 00:00:28]} Be7 {[%clk 01:33:26]} {[%emt 00:00:07]} 8. Bd3 {[%clk
01:33:02]} {[%emt 00:00:18]} O-O {[%clk 01:33:46]} {[%emt 00:00:10]} 9. Nge2
{[%clk 01:31:58]} {[%emt 00:01:34]} Re8 {[%clk 01:34:10]} {[%emt 00:00:06]} 10.
f3 {[%clk 01:31:26]} {[%emt 00:01:02]} Nbd7 {[%clk 01:34:08]} {[%emt 00:00:33]}
11. O-O {[%clk 01:31:15]} {[%emt 00:00:39]} b5 {[%clk 01:34:20]} {[%emt
00:00:18]} 12. Rc1 {[%clk 01:24:58]} {[%emt 00:06:48]} a5 {[%clk 01:30:09]}
{[%emt 00:04:41]} 13. Bg3 {[%clk 01:22:15]} {[%emt 00:03:15]} Ba6 {[%clk
01:22:26]} {[%emt 00:08:12]} 14. e4 {[%clk 01:18:00]} {[%emt 00:04:45]} b4
{[%clk 01:18:59]} {[%emt 00:03:56]} 15. Na4 {[%clk 00:51:58]} {[%emt 00:26:32]}
dxe4 {[%clk 01:15:26]} {[%emt 00:04:04]} 16. fxe4 {[%clk 00:50:18]} {[%emt
00:02:10]} c5 {[%clk 01:15:49]} {[%emt 00:00:06]} 17. e5 {[%clk 00:32:40]}
{[%emt 00:18:09]} Nd5 {[%clk 01:08:09]} {[%emt 00:08:10]} 18. Bxa6 {[%clk
00:30:37]} {[%emt 00:02:33]} Ne3 {[%clk 00:40:42]} {[%emt 00:27:56]} 19. Qd3
{[%clk 00:29:07]} {[%emt 00:02:01]} Nxf1 {[%clk 00:38:03]} {[%emt 00:03:08]}
20. Rxf1 {[%clk 00:29:12]} {[%emt 00:00:26]} cxd4 {[%clk 00:38:27]} {[%emt
00:00:06]} 21. Bc4 {[%clk 00:13:46]} {[%emt 00:15:56]} Rf8 {[%clk 00:37:38]}
{[%emt 00:01:19]} 22. Qf5 {[%clk 00:06:25]} {[%emt 00:07:50]} Nc5 {[%clk
00:36:11]} {[%emt 00:01:59]} 23. Bxf7+ {[%clk 00:03:15]} {[%emt 00:03:40]} Kh8
{[%clk 00:36:36]} {[%emt 00:00:05]} 24. Nf4 {[%clk 00:02:04]} {[%emt 00:01:41]}
Ra6 {[%clk 00:35:43]} {[%emt 00:01:22]} 25. e6 {[%clk 00:01:29]} {[%emt
00:01:04]} 1-0